=LDR 00000nam 2200000 4500 =001 INLIS000000000009911 =005 20130612101654 =008 ***********************************Ind** =035 ##$$0010-061300000009911 =041 ##$$a Ind =082 ##$$a 811 =090 ##$$a 811, Ham n =100 ##$$a Hamzah, Amir =245 ##$$a Nyanyian sunyi, Amir Hamzah =260 ##$$a 2001 $b Jakarta =300 ##$$a 30 hlm, ilus, 21 cm =650 ##$$a Puisi-kumpulan =850 ##$$a NBPNMAT